01642nam a22002657a 4500008004100000020001800041040000800059041000800067050002400075100003600099245008800135246001200223260003200235300006100267490002800328520074500356610003601101610002401137650003501161650004301196655002301239942000801262952009101270999001501361251024b |||||||| |||| 00| 0 eng d a9781035420612 ctbs aeng aTT505.M58bB38 2025 aBateman, Kristen924115eauthor aLittle book of Miu Miub: the story of the iconic fashion housec/ Kristen Bateman. aMiu Miu aLondon : bWelbeck, c2025. a160 pages : billustrations, portraits (color) ;c19 cm. aLittle books of fashion a Quirky, daring and unconventionally chic, Miu Miu is the fashion house for those that dare to be different. The cult little sister brand of Prada, the maison was launched as an 'anti-fashion' brand in 1993 and its pieces have been worn by celebrities including Sydney Sweeney and Chloë Sevigny. From recent viral micro-miniskirts and covetable ballet flats to archive whimsical prints, artist collaborations and off-kilter colors, Miu Miu is the brand designed with a rare female point of view for daring women. With over 100 images of their most iconic pieces, accompanied by expert text, Little Book of Miu Miu explores the history of the iconic fashion house whose current and archival designs are coveted by the It girls of today. 0aMiu Miu (Brand)xHistory926314 0aPrada (Firm)926315 0aPrada, MiucciaxHistory926312 0aPrada, MiucciaxThemes, motives926313 0aBiographies922503 2lcc 00102lcc4070aTBSbTBSd2025-10-24l0oTT505 BATpB05695r2025-10-24w2025-10-24y1 c5101d5101